LEADER 01616nam 2200421 450 001 000008500 005 20110131114800.0 010 $a0-471-61223-5 100 $a20010711d1989----km-y0itay0103----ba 101 0 $aeng 102 $aUS 200 1 $aChemical instrumentation: a systematic approach$fHoward A. Strobel, William R. Heineman 205 $a3. ed. 210 $c<> Wiley$aNew York...[etc.]$dc1989 215 $aXXIII, 1210 p.$cill.$d24 cm. 606 $aChimica analitica$xStrumenti di misura 676 $a543.07$v(20. ed.)$9Chimica analitica. Strumentazione 676 $a543.08$v(20. ed.)$9Chimica analitica. Metodi 700 1$aStrobel,$bHoward A.$020862 701 1$aHeineman,$bWilliam R.$0440237 801 0$aIT$bUniversità della Basilicata - B.I.A.$gRICA$2unimarc 912 $a000008500 996 $aChemical instrumentation: a systematic approach$977367 997 $aUNIBAS BAS $aMONSCI BAS $aMONOGR BAS $aSCIENZE CAT $aTORRE$b20$c20010711$lBAS01$h1301 CAT $aTORRE$b20$c20010711$lBAS01$h1302 CAT $c20050601$lBAS01$h1754 CAT $abatch$b01$c20050718$lBAS01$h1049 CAT $c20050718$lBAS01$h1109 CAT $c20050718$lBAS01$h1139 CAT $c20050718$lBAS01$h1153 CAT $aATR$b40$c20110131$lBAS01$h1148 FMT Z30 -1$lBAS01$LBAS01$mBOOK$1BASA2$APolo Tecnico-Scientifico$2DID$BDidattica$3PTS.c2.p5.4$698122$5S98122$820010711$f98$FConsultazione Z30 -1$lBAS01$LBAS01$mBOOK$1BASA2$APolo Tecnico-Scientifico$2DID$BDidattica$3PTS.c2.p5.4A$677209$5S77209$820030430$f04$FPrestabile Didattica LEADER 01650nam 2200397 a 450 001 9910695072303321 005 20060418161347.0 035 $a(CKB)5470000002365995 035 $a(OCoLC)66912636 035 $a(EXLCZ)995470000002365995 100 $a20060418d2005 ua 0 101 0 $aeng 135 $aurmn|---||||| 181 $ctxt$2rdacontent 182 $cc$2rdamedia 183 $acr$2rdacarrier 200 10$aHomeland Security$b[electronic resource] $eDHS needs to improve ethics-related management controls for the Science and Technology Directorate : report to the Ranking Minority Member, Committee on Homeland Security and Governmental Affairs, United States Senate 210 1$a[Washington, D.C.] :$cU.S. Government Accountability Office,$d[2005] 215 $aii, 24 pages $cdigital, PDF file 300 $aTitle from title screen (viewed on Jan. 17, 2006). 300 $a"December 2005." 300 $aPaper version available from: U.S. Government Accountability Office, 441 G St., NW, Rm. LM, Washington, D.C. 20548. 300 $a"GAO-06-206." 320 $aIncludes bibliographical references. 517 $aHomeland Security 606 $aResearch and development contracts, Government$zUnited States 606 $aConflict of interests$zUnited States 615 0$aResearch and development contracts, Government 615 0$aConflict of interests 712 02$aUnited States.$bCongress.$bSenate.$bCommittee on Homeland Security and Governmental Affairs. 801 0$bGPO 801 1$bGPO 906 $aBOOK 912 $a9910695072303321 996 $aHomeland Security$91686681 997 $aUNINA